El infinito en la palma de la mano /
Guardado en:
| Autor Principal: | |
|---|---|
| Formato: | Libro |
| Publicado: |
Buenos Aires :
Seix Barral,
2008
|
| Materias: | |
| Etiquetas: |
Agregar Etiqueta
Sin Etiquetas, Sea el primero en etiquetar este registro!
|
| LEADER | 00743nam a22002415a 4500 | ||
|---|---|---|---|
| 001 | CEM.cems013130 | ||
| 005 | 20100922090655.0 | ||
| 008 | 130507s2008##################000#0#####d | ||
| 003 | CEMS | ||
| 020 | |a 9789507315770 | ||
| 082 | 0 | 4 | |a N863.4 |
| 100 | 1 | |a Belli, Gioconda | |
| 245 | 1 | 0 | |a El infinito en la palma de la mano / |c Gioconda Belli |
| 260 | |a Buenos Aires : |b Seix Barral, |c 2008 | ||
| 300 | |a 240 p. | ||
| 500 | |a Premio Biblioteca Breve | ||
| 653 | |a Literatura | ||
| 653 | |a Literatura nicaraguense | ||
| 653 | |a Literatura hispanoamericana | ||
| 653 | |a Novelas | ||
| 653 | |a Novela nicaraguense | ||
| 859 | |a CEMS |b BIB. CEMS - 11 de abril |h N863.4 |i B419 |p 25588.09 |t Ej.1 | ||
| 859 | |a CEMS |b BIB. CEMS - 11 de abril |h N863.4 |i B419 |p 26630.13 |t Ej.2 | ||
